Những nghi thức trong tang lễ cổ truyền người Nùng Dín Lào Cai

Khái quát về người Nùng Dín Lào Cai và những quan niệm tín ngưỡng dân gian về tang lễ. Các nghi thức chuẩn bị trong tang lễ, sau tang lễ. Các giá trị văn hoá tích cực cần bảo tồn phát huy, các yếu tố lỗi thời, lạc hậu cần cải tiến, xoá bỏ trong tang lễ. Một số giải pháp bảo tồn, phát huy các giá trị...

Disgrifiad llawn

Wedi'i Gadw mewn:
Manylion Llyfryddiaeth
Prif Awdur: Vàng Thung Chúng
Fformat: Llyfr
Iaith:Vietnamese
Cyhoeddwyd: H. Khoa học xã hội 2015
Pynciau:
Tagiau: Ychwanegu Tag
Dim Tagiau, Byddwch y cyntaf i dagio'r cofnod hwn!
Thư viện lưu trữ: Mạng thư viện Đại học Đà Nẵng
LEADER 01901aam a22004098a 4500
001 000023575
003 20028
005 20160107110122.0
008 160107s2015 viesd
020 |d 2000b 
041 0 |a vie 
082 0 4 |2 23  |a 395.2309597167  |b VA-C 
100 1 |a Vàng Thung Chúng 
245 1 0 |a Những nghi thức trong tang lễ cổ truyền người Nùng Dín Lào Cai  |c Vàng Thung Chúng 
260 |a H.  |b Khoa học xã hội  |c 2015 
300 |a 219 tr.  |b sơ đồ  |c 21 cm. 
500 |a ĐTTS ghi: Hội Văn nghệ dân gian Việt Nam 
504 |a Phụ lục: tr. 205-207. - Thư mục: tr. 209-212 
520 |a Khái quát về người Nùng Dín Lào Cai và những quan niệm tín ngưỡng dân gian về tang lễ. Các nghi thức chuẩn bị trong tang lễ, sau tang lễ. Các giá trị văn hoá tích cực cần bảo tồn phát huy, các yếu tố lỗi thời, lạc hậu cần cải tiến, xoá bỏ trong tang lễ. Một số giải pháp bảo tồn, phát huy các giá trị văn hoá tích cực và cải tiến, xoá bỏ các giá trị tiêu cực trong tang lễ người Nùng Dín 
610 |2 7 
650 0 4 |a Nghi thức  |x Người Nùng Dín  |z Lào Cai 
650 7 |2 Bộ TK TVQG 
650 7 |2 Bộ TK TVQG 
651 7 |2 Bộ TK TVQG  |a Lào Cai 
653 |a Nghi thức 
653 |a Người Nùng Dín 
653 |a Tang lễ cổ truyền 
OWN |a LSP 
AVA |a UDN50  |b LSP  |d 395.2309597167 VA-C  |e available  |t Error 5001 Not defined in file expand_doc_bib_avail.  |f 1  |g 0  |h N  |i 0  |k 1 
999 |a From the UDN01 
AVA |a UDN50  |b LSP  |d 395.2309597167 VA-C  |e available  |t Error 5001 Not defined in file expand_doc_bib_avail.  |f 1  |g 0  |h N  |i 0  |k 1 
TYP |a Monograph 
TYP |a Printed language 
980 |a Mạng thư viện Đại học Đà Nẵng